Statistics for All German Cities with a Population over 50,000

Click here to take the quiz!

General Stats

  • This quiz has been taken 100 times
  • The average score is 80 of 191

Answer Stats

PopulationAdm.City% Correct
3.7 mBEBerlin
100%
557 kSNDresden
99%
1.8 mHHHamburg
99%
568 kHBBremen
97%
1.1 mNWCologne
97%
763 kHEFrankfurt am Main
97%
593 kSNLeipzig
97%
1.5 mBYMunich
97%
622 kNWDusseldorf
96%
518 kBYNuremberg
96%
588 kNWDortmund
93%
636 kBWStuttgart
93%
537 kNIHanover
92%
583 kNWEssen
90%
247 kSHKiel
90%
180 kBBPotsdam
86%
330 kNWBonn
85%
249 kNWAachen
83%
311 kBWMannheim
83%
219 kRPMainz
82%
297 kBYAugsburg
81%
315 kNWMunster
81%
180 kSLSaarbrucken
81%
499 kNWDuisburg
78%
261 kNWMonchengladbach
78%
209 kMVRostock
78%
127 kBWUlm
76%
334 kNWBielefeld
75%
231 kBWFreiburg im Breisgau
75%
161 kBWHeidelberg
75%
238 kSTMagdeburg
74%
153 kBYRegensburg
74%
214 kTHErfurt
72%
160 kHEDarmstadt
71%
217 kSHLubeck
71%
278 kHEWiesbaden
71%
366 kNWBochum
69%
246 kSNChemnitz
69%
260 kNWGelsenkirchen
69%
111 kTHJena
69%
312 kBWKarlsruhe
69%
164 kNWLeverkusen
69%
124 kNIWolfsburg
69%
355 kNWWuppertal
69%
202 kHEKassel
68%
114 kHBBremerhaven
67%
249 kNIBraunschweig
65%
100 kBBCottbus
64%
112 kRPTrier
64%
100 kRPKaiserslautern
63%
114 kRPKoblenz
63%
165 kNIOsnabruck
63%
152 kNWPaderborn
63%
128 kBYWurzburg
61%
239 kSTHalle
60%
137 kBYIngolstadt
60%
172 kRPLudwigshafen am Rhein
60%
96 kMVSchwerin
58%
89 kSNZwickau
58%
227 kNWKrefeld
56%
180 kNWHamm
54%
211 kNWOberhausen
54%
123 kHEOffenbach am Main
54%
128 kBYFurth
53%
159 kNWSolingen
53%
90 kSHFlensburg
51%
93 kTHGera
51%
119 kNIGottingen
50%
169 kNIOldenburg
50%
118 kNWBottrop
49%
90 kHEGießen
49%
96 kHEHanau
49%
127 kBWHeilbronn
49%
53 kBYPassau
49%
84 kRPWorms
49%
55 kBWBaden-Baden
47%
189 kNWHagen
47%
85 kBWKonstanz
47%
113 kBYErlangen
46%
111 kNWRecklinghausen
46%
154 kNWNeuss
44%
126 kBWPforzheim
44%
65 kTHWeimar
44%
171 kNWMulheim an der Ruhr
43%
92 kBWTubingen
43%
77 kBYBamberg
42%
75 kBYBayreuth
42%
156 kNWHerne
42%
69 kHEFulda
40%
116 kBWReutlingen
40%
80 kSTDessau-Roßlau
39%
91 kNWDuren
39%
102 kNIHildesheim
39%
77 kHEMarburg
39%
103 kNWSiegen
39%
112 kNWBergisch Gladbach
38%
76 kNILuneburg
38%
94 kBWLudwigsburg
36%
96 kNWWitten
36%
71 kBYAschaffenburg
35%
104 kNISalzgitter
35%
61 kBWFriedrichshafen
33%
101 kNWGutersloh
33%
92 kNWIserlohn
33%
104 kNWMoers
33%
76 kNIWilhelmshaven
33%
84 kNWMarl
32%
111 kNWRemscheid
32%
70 kNICelle
29%
64 kMVNeubrandenburg
29%
88 kNWRatingen
29%
86 kBWVillingen-Schwenningen
29%
94 kBWEsslingen am Neckar
28%
59 kMVGreifswald
28%
82 kNWMinden
28%
53 kBYSchweinfurt
28%
68 kBWAalen
26%
53 kNWAhlen
26%
56 kSNGorlitz
26%
64 kBYRosenheim
26%
59 kMVStralsund
26%
86 kNWLunen
25%
80 kSHNeumunster
25%
59 kBYNeu-Ulm
25%
59 kNWUnna
25%
77 kNWViersen
25%
60 kBWOffenburg
24%
74 kNWDetmold
22%
51 kNIGoslar
22%
73 kNWCastrop-Rauxel
21%
78 kNIDelmenhorst
21%
57 kNIHameln
21%
69 kBYKempten
21%
73 kBYLandshut
21%
51 kRPSpeyer
21%
53 kHEWetzlar
21%
58 kNWEuskirchen
19%
65 kSNPlauen
19%
76 kNWGladbeck
18%
58 kBWGoppingen
18%
67 kNWHerford
18%
51 kBWRavensburg
18%
60 kNWWesel
18%
67 kNWDinslaken
17%
55 kNILingen
17%
75 kNWTroisdorf
17%
50 kBWBoblingen
15%
71 kNWBocholt
14%
75 kNWDorsten
14%
51 kNWGummersbach
14%
54 kNWHattingen
14%
76 kNWRheine
14%
65 kBWSindelfingen
14%
56 kNWStolberg
14%
82 kNWVelbert
14%
62 kNWBergheim
13%
79 kSHNorderstedt
13%
52 kNIWolfenbuttel
13%
64 kNWDormagen
11%
56 kNWEschweiler
11%
58 kBBFrankfurt (Oder)
11%
52 kNWKleve
11%
59 kNWLangenfeld
11%
68 kNWLippstadt
11%
72 kNWLudenscheid
11%
73 kNWArnsberg
10%
52 kNWFrechen
10%
64 kNWGrevenbroich
10%
67 kNWKerpen
10%
56 kNWMeerbusch
10%
53 kNWMenden
10%
65 kRPNeuwied
10%
54 kNINordhorn
10%
61 kBWSchwabisch Gmund
10%
51 kRPBad Kreuznach
8%
72 kBBBrandenburg an der Havel
8%
61 kNIGarbsen
8%
56 kNWHilden
8%
60 kNWHurth
8%
62 kNWHerten
7%
56 kBWWaiblingen
7%
50 kNWWillich
7%
54 kNWBad Salzuflen
6%
54 kNWPulheim
6%
56 kNWSankt Augustin
6%
55 kNILangenhagen
4%
53 kRPNeustadt an der Weinstraße
4%
66 kHERusselsheim am Main
4%
50 kNWErfstadt
3%
54 kHEBad Homburg vor der Hohe
1%
52 kNWIddenburen
0%

Score Distribution

Percentile by Number Answered

Percent of People with Each Score

Your Score History

You have not taken this quiz